Представление документа в формате MARC21

Поле Инд. ПП Название Значение
Тип записи a
Библиографический уровень m
001 Контрольный номер RU/IS/BASE/264535298
005 Дата корректировки 20250328152708.5
008 Кодируемые данные 19951220
040 00 e Правила каталог. Л 951220
084 a Индекс другой классификации/Индекс ББК 85.103(2=411.2); 85.103(2Рос=Рус); 63.3(2)4-7
090 00 a Полочн. индекс 85.103(2=411.2)
x Авторский знак И 907
097 00 a 230
245 00 a Заглавие История русского искусства
c Ответственность под общей редакцией И. Э. Грабаря, В. С. Кеменова и В. Н. Лазарева
n Номер части/ раздела Т.4
p Название части/ раздела Семнадцатый век и его культура
260 00 a Место издания Москва
b Издательство АН СССР
c Дата издания 1959
300 00 a Объем 699 с.
b Иллюстрации/ тип воспроизводства ил.
336 a Термин вида содержания Текст
337 a Термин типа средства непосредственный
650 a Основная рубрика изобразительное искусство
a Основная рубрика искусство
a Основная рубрика история изобразительного искусства
653 00 a Ключевые слова XVII век
a Ключевые слова архитектура
a Ключевые слова белокаменная резьба
a Ключевые слова гравюры
a Ключевые слова декоративно-прикладное искусство
a Ключевые слова древнерусское искусство
a Ключевые слова живопись
a Ключевые слова золото
a Ключевые слова изразцы
a Ключевые слова интерьер
a Ключевые слова история культуры
a Ключевые слова культура
a Ключевые слова литье
a Ключевые слова металл
a Ключевые слова миниатюра
a Ключевые слова Москва
a Ключевые слова резьба
a Ключевые слова Россия
a Ключевые слова русская культура
a Ключевые слова русское искусство
a Ключевые слова серебро
a Ключевые слова скульптура
700 10 a Автор Грабарь И. Э.
e Роль лиц редактор
700 10 a Автор Кеменов В. С.
e Роль лиц редактор
700 10 a Автор Лазарев В. Н.
e Роль лиц редактор
901 t Тип документа m
952 a Тип литературы для КСУ ВШ НАУ